Olivia plants a garden / (Record no. 3986)

MARC details
000 -LEADER
fixed length control field 01932cam a2200529 a 4500
001 - CONTROL NUMBER
control field 3986
003 - CONTROL NUMBER IDENTIFIER
control field FISKH
005 - DATE AND TIME OF LATEST TRANSACTION
control field 20250827145608.0
008 - FIXED-LENGTH DATA ELEMENTS--GENERAL INFORMATION
fixed length control field 110613t20112010nyua j b 001 1 eng d
010 ## - LIBRARY OF CONGRESS CONTROL NUMBER
LC control number 2011282484
020 ## - INTERNATIONAL STANDARD BOOK NUMBER
International Standard Book Number 9781442420113 (lib. bdg.)
020 ## - INTERNATIONAL STANDARD BOOK NUMBER
International Standard Book Number 1442420111 (lib. bdg.)
020 ## - INTERNATIONAL STANDARD BOOK NUMBER
International Standard Book Number 9781442416758
020 ## - INTERNATIONAL STANDARD BOOK NUMBER
International Standard Book Number 1442416750
035 ## - SYSTEM CONTROL NUMBER
System control number (OCoLC)ocn606790022
040 ## - CATALOGING SOURCE
Original cataloging agency BTCTA
Transcribing agency BTCTA
Modifying agency NYP
-- BUL
-- SPU
-- B2A
-- NAB
-- ABG
-- AML
-- DLC
Language of cataloging eng
042 ## - AUTHENTICATION CODE
Authentication code lccopycat
050 00 - LIBRARY OF CONGRESS CALL NUMBER
Classification number PZ7.S6953
Item number Ol 2011
082 04 - DEWEY DECIMAL CLASSIFICATION NUMBER
Classification number 813.6
Edition number 22
100 1# - MAIN ENTRY--PERSONAL NAME
Personal name Sollinger, Emily.
245 10 - TITLE STATEMENT
Title Olivia plants a garden /
Statement of responsibility, etc. adapted by Emily Sollinger ; based on the screenplay written by Rachel Ruderman and Laurie Israel ; illustrated by Jared Osterhold.
250 ## - EDITION STATEMENT
Edition statement First Simon Spotlight edition, January 2011
260 ## - PUBLICATION, DISTRIBUTION, ETC.
Place of publication, distribution, etc. New York :
Name of publisher, distributor, etc. Simon Spotlight,
Date of publication, distribution, etc. 2010.
300 ## - PHYSICAL DESCRIPTION
Extent 24 unnumbered pages :
Other physical details color illustrations ;
Dimensions 23 cm
490 0# - SERIES STATEMENT
Series statement Ready-to-read. Level 1
500 ## - GENERAL NOTE
General note "As seen on Nickelodeon"--Jacket.
504 ## - BIBLIOGRAPHY, ETC. NOTE
Bibliography, etc. note Includes bibliographical references and index.
505 ## - FORMATTED CONTENTS NOTE
Formatted contents note K<br/>
520 ## - SUMMARY, ETC.
Summary, etc. When Olivia's teacher gives Olivia a "surprise" plant seed envelope, she takes care of the seed in her garden, excited to discover what kind of plant she will grow.
521 8# - TARGET AUDIENCE NOTE
Target audience note 510<br/>
Source Lexile <br/>
521 8# - TARGET AUDIENCE NOTE
Target audience note K<br/>
Source Raz-Plus <br/>
600 00 - SUBJECT ADDED ENTRY--PERSONAL NAME
Personal name Olivia
Titles and other words associated with a name (Fictitious character from Falconer)
Form subdivision Juvenile fiction.
650 #0 - SUBJECT ADDED ENTRY--TOPICAL TERM
Topical term or geographic name entry element Gardening
Form subdivision Fiction.
650 #0 - SUBJECT ADDED ENTRY--TOPICAL TERM
Topical term or geographic name entry element Gardens
Form subdivision Fiction.
650 #0 - SUBJECT ADDED ENTRY--TOPICAL TERM
Topical term or geographic name entry element Swine
Form subdivision Fiction.
650 #0 - SUBJECT ADDED ENTRY--TOPICAL TERM
Topical term or geographic name entry element Gardening
Form subdivision Juvenile fiction.
650 #0 - SUBJECT ADDED ENTRY--TOPICAL TERM
Topical term or geographic name entry element Gardens
Form subdivision Juvenile fiction.
650 #0 - SUBJECT ADDED ENTRY--TOPICAL TERM
Topical term or geographic name entry element Swine
Form subdivision Juvenile fiction.
650 #1 - SUBJECT ADDED ENTRY--TOPICAL TERM
Topical term or geographic name entry element Gardening
Form subdivision Fiction.
650 #1 - SUBJECT ADDED ENTRY--TOPICAL TERM
Topical term or geographic name entry element Gardens
Form subdivision Fiction.
650 #1 - SUBJECT ADDED ENTRY--TOPICAL TERM
Topical term or geographic name entry element Pigs
Form subdivision Fiction.
650 #1 - SUBJECT ADDED ENTRY--TOPICAL TERM
Topical term or geographic name entry element Rebuses.
700 1# - ADDED ENTRY--PERSONAL NAME
Personal name Osterhold, Jared.
Relationship illustrator
906 ## - LOCAL DATA ELEMENT F, LDF (RLIN)
a 7
b cbc
c copycat
d 2
e ncip
f 20
g y-gencatlg
942 ## - ADDED ENTRY ELEMENTS (KOHA)
Source of classification or shelving scheme Dewey Decimal Classification
Koha item type Books
Suppress in OPAC No
Holdings
Withdrawn status Lost status Source of classification or shelving scheme Damaged status Not for loan Collection Home library Current library Shelving location Date acquired Total Checkouts Full call number Barcode Date last seen Date last checked out Price effective from Koha item type Copy number
    Dewey Decimal Classification     Juvenile Fiction Footprints International School Library Network Toul Kork Campus Footprints International School Library Network Toul Kork Campus TK Primary Library Room(4th Floor), Bookcase 3&4, Shelves 17-32, Yellow Books 05/29/2024 1 SOL 813.6 PZ7.S6953 FISTK02759 03/04/2025 08/23/2024 05/29/2024 Books  
    Dewey Decimal Classification     Juvenile Fiction Footprints International School Library Network Toul Tom Poung Campus Footprints International School Library Network Toul Tom Poung Campus TTP Primary Yellow Bookshelves 08/27/2025   SOL 813.6 PZ7.S6953 FIS03405 08/27/2025   08/27/2025 Books 2